Die zivilrechtliche Haftung des Steuerberaters /

Saved in:
Bibliographic Details
Main Author: Späth, Wolfgang, 1926-
Format: Book
Language:German
Published: Bonn : Stollfuss, 1979.
Edition:2. Aufl.
Series:Bücher der Steuerberatung.
Subjects:
Tags: Add Tag
No Tags, Be the first to tag this record!
LEADER 00665nam a22002297i 4500
001 007748009-0
005 20020606104010.5
008 820519s1979 gw b 00110 ger d
035 0 |a ocm08826722 
043 |a e-gw--- 
100 1 |a Späth, Wolfgang,  |d 1926- 
245 1 4 |a Die zivilrechtliche Haftung des Steuerberaters /  |c von Wolfgang Späth. 
250 |a 2. Aufl. 
260 0 |a Bonn :  |b Stollfuss,  |c 1979. 
300 |a 424 p. ;  |c 21 cm. 
490 1 |a Bücher der Steuerberatung 
504 |a Bibliography: p. 347-361. 
500 |a Includes index. 
650 0 |a Tax consultants  |z Germany (West) 
830 0 |a Bücher der Steuerberatung. 
988 |a 20020608 
906 |0 MH